Profundamente sua / (Record no. 187)

MARC details
000 -LÍDER
campo de controle de tamanho fixo 01586nam a2200325 4500
001 - NÚMERO DE CONTROLE
campo de controle 187
003 - IDENTIFICADOR DO NÚMERO DE CONTROLE
campo de controle OSt
005 - DATA E HORÁRIO DA ÚLTIMA TRANSAÇÃO
campo de controle 20250528074014.0
008 - CAMPO DE DADOS FIXOS--INFORMAÇÃO GERAL
campo de controle de tamanho fixo 250131b |||||||e |||| 00| 1 eng d
020 ## - ISBN - INTERNATIONAL STANDARD BOOK NUMBER
ISBN - International Standard Book Number 9788565530378
040 ## - FONTE DA CATALOGAÇÃO
Idioma da catalogação por
041 ## - CÓDIGO DE IDIOMA
Código do idioma do original e/ou traduções intermediárias do texto eng
Código do idioma do texto/trilha sonora ou título diferente por
082 ## - CDD - CLASSIFICAÇÃO DECIMAL DE DEWEY
Número de Classificação 813
Número do exemplar D273p
100 1# - ENTRADA PRINCIPAL--NOME PESSOAL
Nome pessoal Day, Sylvia
Datas associadas ao nome 1973-
9 (RLIN) 345
240 ## - TÍTULO UNIFORME
Título uniforme Reflected in you
245 ## - TÍTULO
Título Profundamente sua /
Indicação de responsabilidade, etc. Day, Sylvia ; Tradução de Alexandre Boide
260 ## - PUBLICAÇÃO, DISTRIBUIÇÃO, ETC.
Local de publicação, distribuição, etc. São Paulo
Nome do editor, distribuidor, etc. Paralela
Data da publicação, distribuição, etc. 2013
300 ## - DESCRIÇÃO FÍSICA
Extensão 310 p.
490 1# - TÍTULO DA SÉRIE
Título da série Crossfire
Número do volume ou designação sequencial da série Livro 02
500 ## - NOTA GERAL
Nota geral Profundamente sua<br/><br/>Sequência de :Toda sua
520 ## - NOTA DE RESUMO, ETC.
Resumo, etc. "Gideon Cross. Ele é tão bonito e perfeito do lado de fora quanto é danificado e atormentado no interior. Ele era uma chama brilhante e ardente que me chamuscou com o mais escuro dos prazeres. Eu não poderia ficar longe. Eu não queria. Ele era o meu vício... meu desejo... todo meu. Meu passado foi tão violento quanto o dele, e eu estava tão machucada. Nós nunca iríamos ser normais. Era muito difícil, muito doloroso... exceto quando era perfeito. Aqueles momentos em que a voragem do amor desesperado eram a loucura mais requintada. Fomos completamente subjugados pela nossa necessidade. E a nossa paixão nos levaria além dos nossos limites para a mais doce borda da mais nítida obsessão."
650 #0 - ASSUNTO--TERMO TÓPICO
Cabeçalho tópico ou nome geográfico Literatura Americana
9 (RLIN) 84
650 #0 - ASSUNTO--TERMO TÓPICO
Cabeçalho tópico ou nome geográfico Amor e Paixão
9 (RLIN) 25
650 #0 - ASSUNTO--TERMO TÓPICO
Cabeçalho tópico ou nome geográfico Erótico
9 (RLIN) 305
655 #0 - TERMO DE ÍNDICE--GÊNERO E FORMA
Gênero/forma/ou termo foco Romance
655 #0 - TERMO DE ÍNDICE--GÊNERO E FORMA
Gênero/forma/ou termo foco Ficção
700 ## - ENTRADA ADICIONADA - NOME PESSOAL
Nome pessoal Alexandre Boidi
Função do autor por extenso Tradutor
9 (RLIN) 248
830 ## - ENTRADA SECUNDÁRIA DE SÉRIE--TÍTULO UNIFORME
Título uniforme Crossfire
Número do volume ou designação sequencial da série Livro 02
9 (RLIN) 346
942 ## - ELEMENTOS DE ENTRADA ADICIONADOS (KOHA)
Fonte de classificação ou esquema de arquivamento Classificação decimal de Dewey
Ocultar no OPAC Não
Tipo de material Koha Livros
Holdings
Situação do descarte Situação das perdas Fonte de classificação ou esquema de arquivamento Materiais especificados (volume encadernado ou outra parte) Status danificado Não pode ser emprestado Coleção Biblioteca de origem Biblioteca atual Localização na estante Data de aquisição Fonte de aquisição Total de empréstimos Número de chamada completo Código de barras Data de último acesso Data do preço efetivo Tipo de material Koha
    Classificação decimal de Dewey vol. 02     Ficção Biblioteca Professor Eduardo Afonso de Castro Biblioteca Professor Eduardo Afonso de Castro Literatura Estrangeira 21.03.2014 doação   813 / D273p 2025-14865 31.01.2025 31.01.2025 Livros

Powered by Koha